| 000 | 00697nam a22002537a 4500 | ||
|---|---|---|---|
| 003 | OSt | ||
| 005 | 20180116183003.0 | ||
| 008 | 150731b xxu||||| |||| 00| 0 eng d | ||
| 020 | _a0072294981 | ||
| 022 | _a9780072424201 | ||
| 040 | _c0 | ||
| 050 | _a658.4038011 | ||
| 082 | _a658.4038011 | ||
| 100 | _aOlson,David L. | ||
| 245 |
_aIntroduction to Information Systems Project Management. _cDavid L.Olson |
||
| 250 | _a1st. | ||
| 260 |
_aNew Delhi _bIrwin McGraw-Hill _c2000 |
||
| 300 | _a279p. | ||
| 440 | _aIntroduction to Information Systems Project Management. | ||
| 500 | _aPaper Cover | ||
| 600 | _aOlson,David L. | ||
| 700 | _aOlson,David L. | ||
| 942 |
_2ddc _cBK _k658.4038011 |
||
| 999 |
_c349946 _d349946 |
||